|
|
|
|
| LEADER |
01992nam a2200433 i 4500 |
| 001 |
EBC1634474 |
| 003 |
MiAaPQ |
| 005 |
20200520144314.0 |
| 006 |
m o d | |
| 007 |
cr cnu|||||||| |
| 008 |
150130t20142014gw ao ob 000 0 ger d |
| 020 |
|
|
|z 9783486725087
|
| 020 |
|
|
|a 9783486779981
|q (electronic bk.)
|
| 035 |
|
|
|a (MiAaPQ)EBC1634474
|
| 035 |
|
|
|a (Au-PeEL)EBL1634474
|
| 035 |
|
|
|a (CaPaEBR)ebr11008002
|
| 035 |
|
|
|a (CaONFJC)MIL783675
|
| 035 |
|
|
|a (OCoLC)898769722
|
| 040 |
|
|
|a MiAaPQ
|b eng
|e rda
|e pn
|c MiAaPQ
|d MiAaPQ
|
| 050 |
|
4 |
|a HF5415.13
|b .K577 2014
|
| 082 |
0 |
|
|a 658.8
|2 23
|
| 100 |
1 |
|
|a Kirstges, Torsten,
|e author.
|
| 245 |
1 |
0 |
|a Grundlagen des reisemittler-und reiseveranstaltermanagements :
|b marktuberblick, geschaftsmodelle, marketingmanagement, rechtliche grundlagen /
|c von Torsten Kirstges.
|
| 250 |
|
|
|a 2., uberarbeitete Auflage.
|
| 264 |
|
1 |
|a Munich, Germany :
|b Oldenbourg Verlag,
|c 2014.
|
| 264 |
|
4 |
|c 2014
|
| 300 |
|
|
|a 1 online resource (136 pages) :
|b illustrations, photographs
|
| 336 |
|
|
|a text
|2 rdacontent
|
| 337 |
|
|
|a computer
|2 rdamedia
|
| 338 |
|
|
|a online resource
|2 rdacarrier
|
| 504 |
|
|
|a Includes bibliographical references.
|
| 588 |
|
|
|a Description based on online resource; title from PDF title page (ebrary, viewed January 30, 2015).
|
| 590 |
|
|
|a Electronic reproduction. Ann Arbor, MI : ProQuest, 2015. Available via World Wide Web. Access may be limited to ProQuest affiliated libraries.
|
| 650 |
|
0 |
|a Marketing
|x Management.
|
| 650 |
|
0 |
|a Strategic planning.
|
| 655 |
|
4 |
|a Electronic books.
|
| 776 |
0 |
8 |
|i Print version:
|a Kirstges, Torsten.
|t Grundlagen des reisemittler-und reiseveranstaltermanagements : marktuberblick, geschaftsmodelle, marketingmanagement, rechtliche grundlagen.
|b 2., uberarbeitete Auflage.
|d Munich, Germany : Oldenbourg Verlag, c2014
|h viii, 126 pages
|z 9783486725087
|
| 797 |
2 |
|
|a ProQuest (Firm)
|
| 856 |
4 |
0 |
|u https://ebookcentral.proquest.com/lib/matrademy/detail.action?docID=1634474
|z Click to View
|